| 000 | 00423cam a2200181 4500 | ||
|---|---|---|---|
| 001 | D6318 | ||
| 008 | 090401t1985 xxu||||| |||| 00| 0 eng d | ||
| 035 | _a(Sirsi) u248 | ||
| 041 | _aeng | ||
| 050 | _a711.1 | ||
| 100 | _aKeeble, Lewis | ||
| 245 | _aFighting planning appeals | ||
| 260 |
_aLondon _bConstruction Press _c1985 |
||
| 300 | _aviii. 223p. ill. 24cm | ||
| 350 | _a15.95 | ||
| 942 | _n0 | ||
| 948 | _c04/03/1997 | ||
| 999 |
_c85504 _d85504 |
||